Statistics for World's Most Powerful Passports

Click here to take the quiz!

General Stats

  • This quiz has been taken 72 times
  • The average score is 24 of 27

Answer Stats

RankAccessCountry% Correct
#6188France
97%
#3191Germany
97%
#6188Sweden
97%
#4190Finland
96%
#4190Italy
96%
#4190Spain
96%
#9185Canada
94%
#8186Norway
94%
#7187United States
94%
#1193Japan
93%
#7187United Kingdom
93%
#9185Australia
91%
#5189Austria
91%
#7187New Zealand
90%
#7187Switzerland
90%
#7187Belgium
88%
#5189Denmark
88%
#6188Netherlands
87%
#6188Portugal
87%
#4190Luxembourg
85%
#3191South Korea
85%
#6188Ireland
82%
#8186Czech Republic
76%
#8186Greece
76%
#2192Singapore
76%
#10184Hungary
63%
#8186Malta
55%

Score Distribution

Percentile by Number Answered

Percent of People with Each Score

Your Score History

You have not taken this quiz